[Event "Belgrade-chT Quality"]
[Site "Belgrade"]
[Date "2021.11.13"]
[Round "9.2"]
[White "Maksimovic, Milorad M"]
[Black "Petric, Marko"]
[Result "1-0"]
[WhiteElo "2049"]
[BlackElo "2069"]
[PlyCount "73"]
[EventDate "2021.10.16"]
[EventType "team-tourn"]
[EventRounds "11"]
[EventCountry "SRB"]
[SourceTitle "EXT 2023"]
[Source "ChessBase"]
[SourceDate "2022.10.05"]
[SourceVersion "1"]
[SourceVersionDate "2022.10.05"]
[SourceQuality "1"]
[WhiteTeam "Belgrade Novi"]
[BlackTeam "Belgrade Obrenovac"]
[WhiteTeamCountry "SRB"]
[BlackTeamCountry "SRB"]

1. d4 d6 2. c4 e5 3. Nf3 Nc6 4. Nc3 Bg4 5. d5 Nce7 6. e4 g6 7. Be2 h6 8. Ng1 Bd7 9. f4 Bg7 10. Nf3 exf4 11. Bxf4 Nf6 12. 0-0 0-0 13. Qd2 Kh7 14. Rae1 Nh5 15. Be3 f5 16. Bd4 fxe4 17. Bxg7 Nxg7 18. Nxe4 Nef5 19. Bd3 Nh4 20. Nxh4 Qxh4 21. g3 Qg4 22. Qc3 Nh5 23. Nf6+ Rxf6 24. Rxf6 Bf5 25. Rf7+ Kg8 26. Bxf5 gxf5 27. Rxc7 f4 28. Qd3 Nf6 29. Qd4 Re8 30. Rxe8+ Nxe8 31. Rxb7 Qe2 32. Qxf4 Qd1+ 33. Kg2 Qe2+ 34. Qf2 Qe4+ 35. Qf3 Qc2+ 36. Kh3 Qg6 37. Qg4 1-0

[Event "Belgrade-chT Quality"]
[Site "Belgrade"]
[Date "2019.10.29"]
[Round "9.6"]
[White "Maksimovic, Milorad M"]
[Black "Lalic, Mile"]
[Result "1/2-1/2"]
[WhiteElo "2088"]
[BlackElo "1933"]
[PlyCount "81"]
[EventDate "2019.10.05"]
[EventType "team-tourn"]
[EventRounds "11"]
[EventCountry "SRB"]
[SourceTitle "EXT 2022"]
[Source "ChessBase"]
[SourceDate "2021.10.06"]
[SourceVersion "1"]
[SourceVersionDate "2021.10.06"]
[SourceQuality "1"]
[WhiteTeam "NBSK"]
[BlackTeam "Belgrade Tehnicka Skola"]
[WhiteTeamCountry "SRB"]
[BlackTeamCountry "SRB"]

1. d4 d5 2. c4 e6 3. Nc3 Nf6 4. Bg5 c6 5. cxd5 exd5 6. e3 Be7 7. Bd3 0-0 8. Nge2 Nbd7 9. 0-0 Re8 10. Qc2 Nf8 11. a3 Nh5 12. Bxe7 Rxe7 13. b4 a6 14. a4 Rc7 15. Qb3 Be6 16. Qb2 Ng6 17. b5 Re7 18. bxc6 bxc6 19. Rab1 Bc8 20. Qb6 Qd6 21. Qb4 Qxb4 22. Rxb4 a5 23. Rb6 Rc7 24. Rc1 Ne7 25. e4 Nf6 26. Nb5 Rd7 27. e5 Ne8 28. Nbc3 g6 29. Nf4 Rb7 30. Rcb1 Rab8 31. Rxb7 Rxb7 32. Rxb7 Bxb7 33. Na2 Nc7 34. Nc1 Ba6 35. Bxa6 Nxa6 36. Nb3 Kf8 37. g4 Ke8 38. Kf1 Kd7 39. Nd3 Nc8 40. Nxa5 Nb6 41. e6+ 1/2-1/2

[Event "Belgrade-chT Quality"]
[Site "Belgrade"]
[Date "2019.10.05"]
[Round "1.5"]
[White "Maksimovic, Milorad M"]
[Black "Milicevic, Aleksa"]
[Result "0-1"]
[WhiteElo "2088"]
[BlackElo "2130"]
[PlyCount "90"]
[EventDate "2019.10.05"]
[EventType "team-tourn"]
[EventRounds "11"]
[EventCountry "SRB"]
[SourceTitle "EXT 2022"]
[Source "ChessBase"]
[SourceDate "2021.10.06"]
[SourceVersion "1"]
[SourceVersionDate "2021.10.06"]
[SourceQuality "1"]
[WhiteTeam "NBSK"]
[BlackTeam "Belgrade Politika"]
[WhiteTeamCountry "SRB"]
[BlackTeamCountry "SRB"]

1. d4 d5 2. c4 e6 3. Nc3 Be7 4. Nf3 Nf6 5. Bg5 0-0 6. e3 Nbd7 7. Qc2 a6 8. a3 c6 9. h3 dxc4 10. Bxc4 b5 11. Ba2 c5 12. dxc5 Nxc5 13. Rd1 Qb6 14. Bb1 g6 15. b4 Ncd7 16. 0-0 Rd8 17. e4 Bb7 18. e5 Bxf3 19. Rxd7 Nxd7 20. Bxe7 Re8 21. Bd6 Bb7 22. Qd2 Rac8 23. Ne4 Bxe4 24. Bxe4 Rc4 25. Bd3 Rd4 26. Qc3 Rxd6 27. exd6 Qxd6 28. Rc1 Nb6 29. Be2 Rc8 30. Qe3 Rxc1+ 31. Qxc1 Qe5 32. Bf3 Nc4 33. Bb7 Qc7 34. Bxa6 Qc6 35. Bxb5 Qxb5 36. Qc3 Nb6 37. h4 h5 38. g3 Kf8 39. Qf6 Nd5 40. Qd8+ Kg7 41. Qd6 Qd3 42. Qe5+ Kh7 43. Qb2 Nc3 44. Kh2 Qf3 45. Qd2 Nb1 0-1

[Event "Belgrade-chTB Quality"]
[Site "Belgrade"]
[Date "2018.10.13"]
[Round "5.6"]
[White "Maksimovic, Milorad M"]
[Black "Popovic, Ivan M"]
[Result "1/2-1/2"]
[WhiteElo "2093"]
[BlackElo "2001"]
[PlyCount "45"]
[EventDate "2018.09.29"]
[EventType "team-tourn"]
[EventRounds "11"]
[EventCountry "SRB"]
[SourceTitle "CBM 187 Extra"]
[Source "ChessBase"]
[SourceDate "2018.11.04"]
[SourceVersion "1"]
[SourceVersionDate "2018.11.04"]
[SourceQuality "1"]
[WhiteTeam "Belgrade NB"]
[BlackTeam "Belgrade Rakovica"]
[WhiteTeamCountry "SRB"]
[BlackTeamCountry "SRB"]

1. d4 d5 2. c4 dxc4 3. Nf3 Nf6 4. e3 e6 5. Bxc4 c5 6. 0-0 Be7 7. dxc5 Qxd1 8. Rxd1 Bxc5 9. Nc3 a6 10. a3 b5 11. Ba2 Bb7 12. b4 Be7 13. Bb2 Nbd7 14. Rac1 0-0 15. Ne5 Rac8 16. Ne2 Rxc1 17. Rxc1 Rc8 18. Rxc8+ Bxc8 19. Bd4 Bb7 20. Nf4 Nxe5 21. Bxe5 Bf8 22. Nd3 Nd7 23. Bd4 1/2-1/2

[Event "Belgrade-chT"]
[Site "Belgrade"]
[Date "2014.10.05"]
[Round "2"]
[White "Nonkovic, Bogdana"]
[Black "Maksimovic, Milorad M"]
[Result "1/2-1/2"]
[WhiteElo "2061"]
[BlackElo "2148"]
[PlyCount "50"]
[EventDate "2014.10.04"]
[EventType "team-tourn"]
[EventRounds "13"]
[EventCountry "SRB"]
[SourceTitle "EXT 2015"]
[Source "ChessBase"]
[SourceDate "2014.11.20"]
[SourceVersion "1"]
[SourceVersionDate "2014.11.20"]
[SourceQuality "1"]

1. Nf3 Nf6 2. c4 c5 3. g3 d5 4. cxd5 Nxd5 5. Bg2 Nc6 6. d4 cxd4 7. Nxd4 Ndb4 8. Nb5 a6 9. Qxd8+ Kxd8 10. N5a3 Nd4 11. Kd1 e5 12. Nc3 Kc7 13. Nc4 f6 14. a3 Be6 15. Nd2 Rd8 16. Rb1 Nd5 17. Nxd5+ Bxd5 18. Bxd5 Rxd5 19. e4 Rd7 20. Ke1 Bc5 21. Nc4 Rhd8 22. b4 Ba7 23. Kf1 Nc2 24. Kg2 b5 25. Rb2 Nd4 1/2-1/2

[Event "Belgrade Spring op"]
[Site "Belgrade"]
[Date "2003.04.01"]
[Round "8"]
[White "Maksimovic, Milorad M"]
[Black "Ivanovic, Nikola"]
[Result "1-0"]
[WhiteElo "2167"]
[BlackElo "2224"]
[PlyCount "71"]
[EventDate "2003.03.25"]
[EventType "swiss"]
[EventRounds "9"]
[EventCountry "YUG"]
[SourceTitle "CBM 093 Extra"]
[Source "ChessBase"]
[SourceDate "2003.05.09"]
[SourceVersion "1"]
[SourceVersionDate "2003.05.09"]
[SourceQuality "1"]

1. e4 c5 2. Nf3 Nc6 3. d4 cxd4 4. Nxd4 Nf6 5. Nc3 e5 6. Ndb5 d6 7. Bg5 a6 8. Na3 Be6 9. Nc4 Rc8 10. Bxf6 Qxf6 11. Ne3 Be7 12. Bd3 0-0 13. 0-0 g6 14. Ncd5 Qg7 15. c3 f5 16. Nb6 Rcd8 17. Bc4 Bxc4 18. Nexc4 fxe4 19. Qd5+ Qf7 20. Rad1 Qxd5 21. Rxd5 Rf6 22. Rfd1 Re6 23. a4 Bg5 24. Kf1 Rf8 25. Rxd6 Rxd6 26. Nxd6 Be3 27. Nd5 Rxf2+ 28. Ke1 Rxg2 29. Nxe3 Rxb2 30. Rd2 Rb1+ 31. Kf2 Ra1 32. Nxb7 Rxa4 33. Nc5 Ra1 34. Nxe4 Ne7 35. c4 Rh1 36. Nf1 1-0

[Event "Belgrade Spring op"]
[Site "Belgrade"]
[Date "2003.03.31"]
[Round "7"]
[White "Lundin, Jan"]
[Black "Maksimovic, Milorad M"]
[Result "0-1"]
[WhiteElo "2220"]
[BlackElo "2167"]
[PlyCount "76"]
[EventDate "2003.03.25"]
[EventType "swiss"]
[EventRounds "9"]
[EventCountry "YUG"]
[SourceTitle "CBM 093 Extra"]
[Source "ChessBase"]
[SourceDate "2003.05.09"]
[SourceVersion "1"]
[SourceVersionDate "2003.05.09"]
[SourceQuality "1"]

1. d4 Nf6 2. c4 g6 3. Nc3 Bg7 4. e4 d6 5. Nf3 0-0 6. Be2 e5 7. d5 a5 8. Bg5 h6 9. Bh4 Na6 10. Nd2 Qe8 11. 0-0 Nh7 12. Kh1 h5 13. f3 Bd7 14. Nb3 b6 15. Qd2 f5 16. exf5 gxf5 17. Rae1 Qg6 18. f4 Bh6 19. g3 Nf6 20. Qd1 Ng4 21. h3 Nf6 22. Bxf6 Qxf6 23. Bxh5 Kh8 24. Kh2 Rg8 25. Qe2 Qg7 26. Qe3 a4 27. Nd2 exf4 28. Rxf4 a3 29. Ne2 axb2 30. Nf3 Be8 31. Nfd4 Bxh5 32. Nxf5 Bxf4 33. Qxf4 Qg5 34. Qd4+ Kh7 35. Nf4 b1Q 36. Nxh5 Qxe1 37. Nf6+ Kg6 38. Nh4+ Kf7 0-1

[Event "Belgrade Spring op"]
[Site "Belgrade"]
[Date "2003.03.30"]
[Round "6"]
[White "Maksimovic, Milorad M"]
[Black "Brakus, Dragan"]
[Result "1-0"]
[WhiteElo "2167"]
[BlackElo "2015"]
[PlyCount "89"]
[EventDate "2003.03.25"]
[EventType "swiss"]
[EventRounds "9"]
[EventCountry "YUG"]
[SourceTitle "CBM 093 Extra"]
[Source "ChessBase"]
[SourceDate "2003.05.09"]
[SourceVersion "1"]
[SourceVersionDate "2003.05.09"]
[SourceQuality "1"]

1. e4 c5 2. Nf3 Nc6 3. d4 cxd4 4. Nxd4 Nf6 5. Nc3 e6 6. Ndb5 d6 7. Bf4 e5 8. Bg5 a6 9. Na3 b5 10. Bxf6 gxf6 11. Nd5 f5 12. exf5 Bxf5 13. c3 Bg7 14. Nc2 0-0 15. Nce3 Be6 16. Bd3 f5 17. Qh5 e4 18. Bc2 Ne5 19. 0-0 Ng6 20. f4 Rc8 21. g4 Nh4 22. gxf5 Bxd5 23. Nxd5 Rxf5 24. Qg4 Rxd5 25. Qe6+ Kh8 26. Qxd5 Nf3+ 27. Rxf3 exf3 28. Qxf3 Qh4 29. Qd3 Rf8 30. Rf1 Rd8 31. Qe4 Bf6 32. Kh1 Rg8 33. Bb3 Rf8 34. Rg1 Qh6 35. Rg3 Bg7 36. Qe7 Qf6 37. Qb7 b4 38. cxb4 Qxb2 39. Qxa6 Qc1+ 40. Kg2 Qxf4 41. Qc4 Qf2+ 42. Kh1 d5 43. Qxd5 Qe1+ 44. Rg1 Qxb4 45. Rxg7 1-0